000
00222nam a22000977a 4500
003
OSt
008
210112b ||||| |||| 00| 0 eng d
100
_a
Narayanan, R. K
_9
4803
245
_a
Swamiyum Chnaghathimarum
942
_c
BK
999
_c
16399
_d
16399